1959 year quiz - Statistics

General Stats
  • This quiz has been taken 40 times
  • The average score is 6 of 10
Answer Stats
Hint Answer % Correct
A plane crash in Iowa kills this singer Buddy Holly
83%
This figurine arrives in toy stores Barbie
80%
Tibetans rise up against China after its arrest of this person Dalai Lama
77%
First ever pictures of this from space Earth
74%
First death of a person with this occurs in Congo HIV
71%
This dictator flees Cuba Batista
69%
12 states sign agreement on activity in this empty territory Antarctica
57%
This tiny car hits the streets Mini
54%
This storied record label debuts in automotive centre Motown
40%
Khrushchev and Nixon hold debates named for this room Kitchen
26%
No matching quizzes found
Score Distribution
Percent of People with Each Score
Percentile by Number Answered
Your Score History
You have not taken this quiz